| 000 | 00538nam a22002057a 4500 | ||
|---|---|---|---|
| 003 | OSt | ||
| 005 | 20140310182754.0 | ||
| 008 | 130204t xxu||||| |||| 00| 0 eng d | ||
| 020 | _a9780071763868 | ||
| 050 |
_aQA63 _b.B658 2011 |
||
| 082 |
_aM 510.76 _b .B658 2011 |
||
| 245 |
_aMath word problems demystified / _cBluman, Allan G. |
||
| 260 |
_aNew York _bMcGraw-Hill _c2011 |
||
| 300 |
_axv, 301 p. _c24 cm. |
||
| 521 | _acollege students | ||
| 526 | _c1210L-1700L | ||
| 541 | _j1 | ||
| 562 | _e1 | ||
| 942 |
_2lcc _cBK _kFIL |
||
| 999 |
_c15808 _d15808 |
||